000 00640nam a22002177a 4500
003 dpl
005 20180730162104.0
008 180730b xxu||||| |||| 00| 0 eng d
010 _aA-720436
035 _aA-720436
037 _bBPPD/PUB
040 _aDPL
_bEN
_c0
082 _aS
_bCOW
245 _aOrphans of the strom :
_cSaros Cowasjee and K.S. Duggal
_bStories on the partition of India
260 _aNew Delhi
_bUBS Publishers Diustributors Ltd
_c1995
270 _bNew Delhi
_a5 Asari Road
_dIndia
_e110002
300 _a354p.:
_c23cm(Hb)
650 _aLiterature
_96262
650 _aFiction
_98901
942 _2ddc
_cEN
_hS
_mCOW
999 _c155168
_d155168